000 00353nam a22001577a 4500
003 SGT
020 _a9789351431497
082 _a340,MUL
100 _aMULLA, DINSHAW FARDUNJI
245 _aMULLA PRINCIPLES MAHOMEDAN LAW
250 _a20TH
260 _aGURGAON
_bLEXIS NEXIS
_c2014
300 _a645
650 _aMAHOMEDAN LAW
942 _2ddc
_cBK
_05
999 _c10528
_d10528